Genetic improvement of productivity and nutritional quality of wheat. Annual report
Guardat en:
| Autors principals: | , |
|---|---|
| Autor corporatiu: | |
| Format: | Llibre |
| Idioma: | anglès |
| Publicat: |
Ann Arbor
A.I.D. R & D Report Distribution Center
1977
|
| Matèries: | |
| Etiquetes: |
Afegir etiqueta
Sense etiquetes, Sigues el primer a etiquetar aquest registre!
|
MARC
| LEADER | 00000nam a2200000 a 4500 | ||
|---|---|---|---|
| 001 | UCR6717 | ||
| 003 | CL-VaPUC | ||
| 008 | 980423e19770000us |||||||||||||||||eng|d | ||
| 082 | 0 | 4 | |a 664.72 |b JOH |2 21 |
| 100 | 0 | |a Johnson, V. A |e author |9 407739 | |
| 700 | 0 | |a Mattern, P. J |e author |9 407740 | |
| 110 | 2 | |a University of Nebraska |e author |9 407741 | |
| 245 | 1 | 0 | |a Genetic improvement of productivity and nutritional quality of wheat. Annual report |
| 300 | |a 184 p | ||
| 942 | |c BK | ||
| 945 | |d 19980423 00:00:00 |a crobeson | ||
| 260 | |a Ann Arbor |b A.I.D. R & D Report Distribution Center |c 1977 | ||
| 650 | 0 | |a Cereales |9 264300 | |
| 650 | 0 | |a Trigo |9 329002 | |
| 650 | 7 | |a PRODUCCION ALIMENTARIA |2 CL-VaPUC |9 341875 | |
| 650 | 0 | |a Nutrición |9 259434 | |
| 583 | |a last modification |c 20150430 10:14:22 |k Rodrigo Vera | ||
| 999 | |c 268644 |d 268642 | ||
| 952 | |0 0 |1 0 |4 0 |6 664_720000000000000_JOH_1977 |7 0 |8 A |9 301863 |a BIBALI |b BIBALI |d 2019-11-20 |i 1981781 |o 664.72 JOH 1977 |p 1981781 |r 2025-01-20 |w 2019-11-20 |y BK |k ALI | ||